The feasibility of vegetating mine tailing at Climax, Colorado /
Saved in:
| Main Author: | |
|---|---|
| Format: | Thesis Book |
| Language: | English |
| Published: |
Fort Collins :
Colorado State University,
1965
|
| Subjects: | |
| Tags: |
Add Tag
No Tags, Be the first to tag this record!
|
| LEADER | 00968nam a2200289 4500 | ||
|---|---|---|---|
| 001 | u87128 | ||
| 003 | SIRSI | ||
| 008 | 891219s1965 us v 0 eng | ||
| 015 | |a X890087025 | ||
| 035 | |a AAJ-4897 | ||
| 040 | |a UMM | ||
| 043 | |a n-us-co | ||
| 050 | 1 | |a QK938.M5 | |
| 090 | 0 | 0 | |a QK938 |b M5Gru |d Closed stacks |
| 100 | 1 | 0 | |a Grubb, Hayes F. |
| 245 | 1 | 4 | |a The feasibility of vegetating mine tailing at Climax, Colorado / |c submitted by Hayes F. Grubb |
| 260 | |a Fort Collins : |b Colorado State University, |c 1965 | ||
| 300 | |a x, 100p. : |b ill. ; |c 28cm | ||
| 502 | |a Thesis (M.Sc.) - Colorado State University, 1965 | ||
| 504 | 0 | 0 | |a Bibliography: p.97-100 |
| 650 | 0 | |a Revegetation |z Colorado | |
| 650 | 0 | |a Mines and mineral resources |x Environmental aspects |z Colorado | |
| 984 | |c Closed stacks QK938.M5Gru@1000653332 | ||
| 998 | 0 | 0 | |a UMM |
| 948 | |a 17/03/1991 |b 17/03/1991 | ||
| 596 | |a 1 | ||
| 999 | |a QK938 M5GRU |w LC |c 1 |i A004205498 |l STACKS |m P01UTAMA |r Y |s Y |t TESIS |u 13/1/1992 | ||
